1642 1477 1764 1065 1610 1958 1842 1046 1236 1576 1109 1981 1826 1713 1949 1066 1269 1712 1593 1183 1143 1556 1147 1158 1954 1930 1260 1049 1163 1473 1505 1701 1083 1808 1190 1880 1131 1318 1038 1663 1211 1055 1504 1557 1867 1778 1570 1146 1892 1330 1945 1416 1645 1355 1211 1676 1612 1894 1836 1783 1480 1074 1039 1704 1173 1013 1242 1194 1164 1571 1568 1798 1978 1295 1141 1515 1639 1672 1809 1610 1408 1101 1053 1539 1846 1593 1356 1593 1082 1146 1966 1846 1250 1283 1893 1041 1517 1953 1439 BCNSPRNW ULIB Ver.6.0+V

เปลี่ยนเป็นภาษาไทย

Change to English
 แสดงรายละเอียดบรรณานุกรม
  กลับหน้าหลัก

Brief Record : Get Marc (ISO 2709) : E-mail record : QR code < ปิดหน้าต่าง
LEADER : 00000nam 2200000uu 4500
001    13399128048
003     ULIB
008    220128s2563||||th 000 0 tha d
020    ^a9786160839018
050    ^aนว.^bณ-ส
100    ^aณรียา
245    ^aสัญญารักข้ามกาลเวลา
250    ^aพิมพ์ครั้งที่ 1
260    ^aกรุงเทพฯ :^bซีเอ็ดยูเคชั่น,^c2563
300    ^a424 หน้า;^b21 ซม.
650    ^aนวนิยาย
945    ^p350^l0^i29193
999    ^aกัณชพร จุลอักษร
รายการนี้ยังไม่มีแท็ก
คุณยังไม่ได้ล็อกอิน คุณสามารถมีกิจกรรมร่วมกับเว็บไซต์ได้ แต่ต้องล็อกอินก่อน ::
  ล็อกอิน

รายการสื่อสารสนเทศ

ลำดับที่ ประเภท เลขเรียก/บาร์โค้ด สถานที่ สถานะ
1. วิทยาศาสตร์การแพทย์ และสุขภาพ
วิทยาศาสตร์การแพทย์ และสุขภาพ
นว. ณ-ส ฉ.1 
  Barcode: 29193
ห้องสมุดวิทยาเขตนครสวรรค์
►นวนิยาย:l:Fiction
บนชั้น

รายการใกล้เคียง
    ชื่อเรื่อง [สัญญารักข้ามกาลเวลา]

    ผู้แต่ง [ณรียา]

    หัวเรื่อง [นวนิยาย]

BibComment


ยังไม่เคยถูกคอมเมนท์

คอมเมนท์ทรัพยากรรายการนี้
  คอมเมนท์: สัญญารักข้ามกาลเ..


 Copyright 2026. Bcnsprnw @Library